Sri Dnyaaneshwar Mahaaraaj Yaanche Charita (Record no. 348206)

MARC details
000 -LEADER
fixed length control field 003870000a22001570004500
005 - DATE AND TIME OF LATEST TRANSACTION
control field 20120302055349.0
040 ## - CATALOGING SOURCE
Original cataloging agency MAR
100 ## - MAIN ENTRY--PERSONAL NAME
Personal name Dasganu Sant Kavi
245 ## - TITLE STATEMENT
Title Sri Dnyaaneshwar Mahaaraaj Yaanche Charita
260 ## - PUBLICATION, DISTRIBUTION, ETC. (IMPRINT)
Place of publication, distribution, etc Narathwada:Gaargee Deshpande,1988.
300 ## - PHYSICAL DESCRIPTION
Extent 28p.
365 ## - TRADE PRICE
Price amount 5/-
650 ## - SUBJECT ADDED ENTRY--TOPICAL TERM
Topical term or geographic name as entry element Charitra
650 ## - SUBJECT ADDED ENTRY--TOPICAL TERM
Topical term or geographic name as entry element Dnyaaneshwar Mahaaraaj-Charitra
942 ## - ADDED ENTRY ELEMENTS (KOHA)
Koha item type Book
Holdings
Withdrawn status Lost status Damaged status Not for loan Home library Current library Date acquired Total Checkouts Barcode Date last seen Price effective from
        Institute For Oriental Study, Thane Institute For Oriental Study, Thane 12/02/2009   IOS-10253 12/02/2009 12/02/2009